| 000 | 01217nam a2200229Ia 4500 | ||
|---|---|---|---|
| 003 | Ost | ||
| 005 | 20260507075005.0 | ||
| 008 | 260507s9999||||xx |||||||||||||| ||und|| | ||
| 020 | _a9957120174 | ||
| 040 | _cfsecg | ||
| 041 | _aara | ||
| 082 | _a330.015195 | ||
| 100 |
_aبخيت، حسين علي _eمؤلف |
||
| 245 | 0 |
_aالاقتصاد القياسي / _c حسين علي بخيت |
|
| 260 |
_aعمان: _bدار اليازوري العلمية للنشر, _c2007 |
||
| 300 |
_a440 صفحة؛ _bإيضاحات ؛ _c24 سم |
||
| 504 | _aبيبليوغرافيا: ص.403؛الملاحق ص.410 (اقتناءات 2014 3ن) | ||
| 520 | _a-المقدمة:-تعريف الاقتصاد القياسي -أهداف الاقتصاد القياسي -علاقة الاقتصاد القياسي بالعلوم الاخرى ا لفصل الثاني الانحدار الخطي البسيط، Simple Linear Regressioالمقدمة -الفرضيات الخاصة بالمتغير العشوائي -طريقة المربعات الصغرى،OLS -اختيار الفرضيات،Hypotheses | ||
| 653 | _aالإقتصاد القياسي | ||
| 700 |
_aسحر، فتح الله _eمؤلف ثانوي |
||
| 942 | _cكتاب | ||
| 999 |
_c42106 _d42106 |
||